|
|
|
|
| LEADER |
01012nam a2200301 a 4500 |
| 001 |
000802842 |
| 003 |
CZ BrMZK |
| 005 |
20070426144617.0 |
| 007 |
ta |
| 008 |
051221s2005 bw gr 000 f bel |
| 020 |
|
|
|a 985-6701-66-X
|q (váz.)
|
| 040 |
|
|
|a BOA001
|b cze
|
| 041 |
1 |
|
|a bel
|h cze
|
| 072 |
|
7 |
|a 821.162.3-3
|x Česká próza
|2 Konspekt
|9 25
|
| 080 |
|
|
|a 821.162.3-31
|2 MRF
|
| 080 |
|
|
|a (0:82-31)
|2 MRF
|
| 100 |
1 |
|
|a Andronikova, Hana,
|d 1967-2011
|7 ja20020079780
|4 aut
|
| 245 |
1 |
0 |
|a Guk sonečnaga gadzinnika /
|c Gana Andranikava ; peraklad z češskaj Veranika Bjal'kovič
|
| 260 |
|
|
|a Mensk :
|b I.P. Logvinau,
|c 2005
|
| 300 |
|
|
|a 299 s. ;
|c 21 cm
|
| 490 |
1 |
|
|a Češskaja kalekcija
|
| 655 |
|
7 |
|a české romány
|7 fd133974
|2 czenas
|
| 700 |
1 |
|
|a Bjalkovič, Veranika,
|d 1982-
|7 js20070119005
|4 trl
|
| 830 |
|
0 |
|a Češskaja kalekcija
|
| 910 |
2 |
|
|a BOA001
|b M2-1162.482
|
| 990 |
|
|
|a BK
|
| 991 |
|
|
|b 200602
|
| 996 |
6 |
|
|b 2610270161
|c M2-1162.482
|l MZK
|r Sklad / do 24 hodin
|n 0
|p dar
|w 000802842
|u 000010
|a 1
|e BOA001
|j MZK50
|s P
|